| 000 | 01016cam a2200301 i 4500 | ||
|---|---|---|---|
| 001 | 14132060 | ||
| 003 | EG-ScBUE | ||
| 005 | 20240310105114.0 | ||
| 008 | 051004s2000 enka f b 001 0 eng d | ||
| 020 | _a019285397X (pbk.) | ||
| 020 | _a9780192853974 | ||
| 040 |
_aUKM _beng _erda _cUKM _dNKM _dOCLCQ _dBAKER _dDLC _dEG-ScBUE |
||
| 043 | _ae-uk--- | ||
| 082 | 0 | 4 |
_222 _a941.082 _bMOR |
| 100 | 1 |
_aMorgan, Kenneth O., _eauthor. |
|
| 245 | 1 | 0 |
_aTwentieth-century Britain : _ba very short introduction / _cKenneth O. Morgan. |
| 264 | 1 |
_aOxford ; _aNew York : _bOxford University Press, _c2000. |
|
| 300 |
_a128 pages : _billustrations ; _c18 cm. |
||
| 336 |
_2rdacontent _atext _btxt |
||
| 337 |
_aunmediated _2rdamedia _bn |
||
| 338 |
_avolume _bnc _2rdacarrier |
||
| 490 | 0 |
_aVery short introductions ; _v24 |
|
| 504 | _aIncludes bibliographical references and index. | ||
| 651 | 7 |
_aGreat Britain _xHistory _y20th century. _2BUEsh _910943 |
|
| 653 |
_bHHUUPPSS _cApril2017 |
||
| 655 | _vReading book | ||
| 942 |
_2ddc _cBB |
||
| 999 |
_c24730 _d24702 |
||